Mravná a estetická výchova v rámci učebného predmetu podniková ekonomika na Strednej ekonomickej škole záverečná práca

Guardado en:
Detalles Bibliográficos
Autor principal: Valehrachová, Miroslava
Autor Corporativo: Vysoká škola ekonomická v Bratislave. Národohospodárska fakulta
Otros Autores: Kontšek, Ján
Formato: Libro
Lenguaje:eslovaco
Publicado: Bratislava 1987
Etiquetas: Agregar Etiqueta
Sin Etiquetas, Sea el primero en etiquetar este registro!

MARC

LEADER 00000nam a2200000 4500
001 c033014
005 20230116095155.5
041 0 |a slo 
044 |a SK 
245 1 0 |a Mravná a estetická výchova v rámci učebného predmetu podniková ekonomika na Strednej ekonomickej škole  |b záverečná práca  |c Miroslava Valehrachová ; Ved. práce Ján Kontšek 
264 1 |a Bratislava  |c 1987 
300 |a 66 s. 
100 1 |a Valehrachová, Miroslava 
700 1 |a Kontšek, Ján 
710 2 |a Vysoká škola ekonomická v Bratislave. Národohospodárska fakulta